000 00417nam a22001217a 4500
999 _c10222
_d10222
003 OSt
008 201218b ||||| |||| 00| 0 eng d
245 _aIETE Journal of Research
250 _a2016(Jul-Aug Vol.62 No.4, Sep-Oct Vol.62 No.5, Nov-Dec Vol.62 No.6)
260 _aNew Delhi
_bInstitution of Electronics and Telecommunication Engineers
650 _aElectronics and Communication Engineering
942 _2ddc
_cBV